Fiatal kutatókat díjaztak
Elmentve itt :
| Dokumentumtípus: | Cikk |
|---|---|
| Megjelent: |
1999-12-16
|
| Sorozat: | Délmagyarország
89 No. 293 |
| Kulcsszavak: | SZAB pályadíjak |
| Online Access: | http://dmarchiv.bibl.u-szeged.hu/80625 |
| LEADER | 00400nab a2200145 i 4500 | ||
|---|---|---|---|
| 001 | delm80625 | ||
| 005 | 20191021082405.0 | ||
| 008 | 191021s1999 hu o 0|| hun d | ||
| 040 | |a SZTE Délmagyarország Archívum |b hun | ||
| 041 | |a hun | ||
| 245 | 0 | 0 | |a Fiatal kutatókat díjaztak |h [elektronikus dokumentum] |
| 260 | |c 1999-12-16 | ||
| 300 | |a 4 | ||
| 490 | 0 | |a Délmagyarország |v 89 No. 293 | |
| 695 | |a SZAB pályadíjak | ||